• 首页
  • 本馆介绍
  • 公告通知
  • 最新文献
  • 馆藏检索
  • 电子资源
  • 读者荐购
  • 参考咨询
  • CALIS
  • 我的图书馆
  • 登录
  • 详细信息显示
  • 放入我的书架
  • 预约/预借图书
  • 作者相关作品
  • 分类相关作品
  • 丛书相关作品
  • 出版社相关作品

书目信息

  • 表格格式
  • 工作单格式
  • 卡片格式
题名:
串行通信技术
    
 
作者: 周云波 编著
分册:  
出版信息: 北京   电子工业出版社  2019.01
页数: 10, 218页
开本: 26cm
丛书名: 嵌入式技术与应用丛书
单 册:
中图分类: TN91
科图分类:
主题词: 串行通信--chuan hang tong xin
电子资源:
ISBN: 978-7-121-35860-9
 
 
 
 
 
000 01423nam 2200325 450
001 CAL 0120192678882
005 20190222082205.5
010    @a978-7-121-35860-9@dCNY68.00
100    @a20190221d2019 em y0chiy50 ea
101 0  @achi
102    @aCN@b110000
105    @aak a 000yy
106    @ar
200 1  @a串行通信技术@Achuan xing tong xin ji shu@e面向嵌入式系统开发@f周云波编著@Fzhou yun bo bian zhu
210    @a北京@c电子工业出版社@d2019.01
215    @a10, 218页@c图@d26cm
225 2  @a嵌入式技术与应用丛书@Aqian ru shi ji shu yu ying yong cong shu
312    @a英文题名取自封面
314    @a周云波, 博士, 华中科技大学教师, 出生于1966年。
320    @a有书目
330    @a本书主要介绍面向嵌入式开发的串行通信技术, 从芯片和电路板入手介绍硬件, 从源代码入手介绍软件, 以便读者可以将这些技术嵌入自己的设计中。本书既包括理论基础, 也包含实际产品设计方案。首先介绍串行通信协议、Modbus协议、HART协议, 然后介绍RS-485串行通信的组网技术和通信转换器产品等内容, 接着重点介绍以太网串口服务器的硬件和软件设计, 以便读者进行嵌入式系统的开发。
410  0 @12001 @a嵌入式技术与应用丛书
510 1  @aSerial communication technology@zeng
517 1  @a面向嵌入式系统开发@Amian xiang qian ru shi xi tong kai fa
586    @a
606 0  @a串行通信@Achuan hang tong xin
690    @aTN91@v5
701  0 @a周云波@Azhou yun bo@f1966-@4编著
801  0 @aCN@c20190221
905    @a河南城建学院图书馆@dTN91@eZ810@f2
    
    串行通信技术:面向嵌入式系统开发/周云波编著.-北京:电子工业出版社,2019.01
    10, 218页:图;26cm.-(嵌入式技术与应用丛书)
    
    
    ISBN 978-7-121-35860-9:CNY68.00
    本书主要介绍面向嵌入式开发的串行通信技术, 从芯片和电路板入手介绍硬件, 从源代码入手介绍软件, 以便读者可以将这些技术嵌入自己的设计中。本书既包括理论基础, 也包含实际产品设计方案。首先介绍串行通信协议、Modbus协议、HART协议, 然后介绍RS-485串行通信的组网技术和通信转换器产品等内容, 接着重点介绍以太网串口服务器的硬件和软件设计, 以便读者进行嵌入式系统的开发。
●
相关链接 在E读中查询图书 在当当中查询图书 在豆瓣中查询图书


正题名:串行通信技术     索取号:TN91/Z810         预约/预借

序号 登录号 条形码 馆藏地/架位号 状态 备注
1 1414845   214148457   自科库301/301自科库 33排4列2层/ [索取号:TN91/Z810] 在馆    
2 1414846   214148466   自科库301/301自科库 33排4列2层/ [索取号:TN91/Z810] 在馆    
河南城建学院图书馆 欢迎您!
大连网信软件有限公司© 版权所有